Authors in Three Decades II Quiz Stats

 Plays Quiz Updated Jun 5, 2016

Challenge
Share
Tweet
Embed
Score 0/27 Timer 07:00
1 Play Today
% Correct
The Great Gatsby...
89.5%
Jurassic Park...
79.2%
Ulysses
75%
A Game of Thrones...
74%
The Idiot...
73.9%
Slaughterhouse-Five...
73.6%
Tar Baby...
61.4%
The Hunt for Red October...
60.8%
The Sound and the Fury...
53%
The Brothers Karamazov
50.5%
Absalom, Absalom!...
48.6%
Song of Solomon...
44.6%
A Portrait of the Artist as a Young Man
39.8%
Tender is the Night
34.9%
% Correct
A Storm of Swords...
34.7%
Finnegans Wake
33.9%
Breakfast of Champions...
29%
A Dance with Dragons...
25.5%
The Sum of All Fears...
24.8%
Congo...
21.9%
The Last Tycoon
16.8%
Jazz...
14.5%
Player Piano...
12.8%
The Terminal Man...
10.7%
Go Down, Moses...
9.5%
Demons...
8.6%
Red Rabbit...
6.1%

You're not logged in!

Compare scores with friends on all Sporcle quizzes.
OR
Log In

You Might Also Like...

Show Comments

Extras

Top Quizzes Today


Score Distribution

Your Account Isn't Verified!

In order to create a playlist on Sporcle, you need to verify the email address you used during registration. Go to your Sporcle Settings to finish the process.

Report this User

Report this user for behavior that violates our Community Guidelines.

Details: